1777 1866 1616 1178 1314 1273 1077 1860 1202 1079 1944 1973 1855 1157 1322 1939 1141 1332 1368 1230 1392 1789 1741 1618 1090 1717 1938 1016 1083 1409 1861 1504 1151 1760 1347 1201 1494 1210 1639 1177 1526 1764 1584 1255 1955 1072 1012 1818 1412 1683 1567 1500 1876 1296 1538 1244 1368 1527 1788 1619 1447 1557 1267 1623 1952 1439 1191 1581 1648 1581 1350 1249 1833 1670 1559 1362 1980 1465 1294 1926 1395 1766 1302 1653 1223 1135 1059 1291 1159 1512 1249 1724 1794 1475 1278 1334 1764 1260 1445 BCNSPRNW ULIB Ver.6.0+V

เปลี่ยนเป็นภาษาไทย

Change to English
 แสดงรายละเอียดบรรณานุกรม
  กลับหน้าหลัก

Brief Record : Get Marc (ISO 2709) : E-mail record : QR code < ปิดหน้าต่าง
LEADER : 00000nam 2200000uu 4500
001    13399108039
003     ULIB
008    110215s2543||||th 000 0 tha d
020    9746644335
060 04 WY100^bข379ค 2543
245 00 คู่มือปฏิบัติการพยาบาล =^bNursing manual /^cบรรณาธิการ,ขวัญตา เกิดชูชื่น ... [และคนอื่นๆ]
246 31 Nursing manual
250    พิมพ์ครั้งที่ 15 ; แก้ไขและปรับปรุงครั้งที่ 5
260    กรุงเทพฯ :^bภาควิชาพยาบาลศาสตร์คณะแพทยศาสตร์โรงพยาบาลรามาธิบดี มหาวิทยาลัยมหิดล,^c2543
300    (15), 731 หน้า :^bภาพประกอบ :^c27 ซม.
504    บรรณานุกรม
650  2 Nursing, Practice
650  7 การพยาบาล^xคู่มือ
700 1  ขวัญตา เกิดชูชื่น,^eบรรณาธิการ
710 2  มหาวิทยาลัยมหิดล. ^bคณะแพทยศาสตร์โรงพยาบาลรามาธิบดี.^bภาควิชาพยาบาลศาสตร์
945    ^p0^l0^i020971
995    ทศพร
999 ^a ใช้งานได้ทุกระบบ
รายการนี้ยังไม่มีแท็ก
คุณยังไม่ได้ล็อกอิน คุณสามารถมีกิจกรรมร่วมกับเว็บไซต์ได้ แต่ต้องล็อกอินก่อน ::
  ล็อกอิน

รายการสื่อสารสนเทศ

ลำดับที่ ประเภท เลขเรียก/บาร์โค้ด สถานที่ สถานะ
- ไม่พบข้อมูล -

BibComment


ยังไม่เคยถูกคอมเมนท์

คอมเมนท์ทรัพยากรรายการนี้
  คอมเมนท์: คู่มือปฏิบัติการพ..


 Copyright 2026. Bcnsprnw @Library